000 00479nam a2200169 i 4500
001 bg
100 1 _aBIELECKI, Jan
_d(?-2001).
245 0 _aFortran dla zaawansowanych :
_binterpretacja międzynarodowego standardu języka /
_cJ. Bielecki, M. Suchenek.
250 _aWyd.3.
260 _aWarszawa,
_c1989.
700 1 _aSUCHENEK, Marek
040 _cBPK
041 _apol
080 _a681.322.06:519.682](075.8)
942 _cKS
008 s pl f |000 0 pol
999 _c10213
_d10213
856 _uhttp://koha.tu.koszalin.pl/cgi-bin/koha/opac-detail.pl?biblionumber=10213
_yKatalog online BPK